Altarbauer aus Neuerburg/Eifel und ihre Werke im Zusammenhang des Barock im Bereich Eifel und Ardennen /

Saved in:
Bibliographic Details
Main Author: Erschens-Schmitt, Elke, 1966-
Format: Book
Language:German
Published: Frankfurt am Main ; New York : P. Lang, c1998.
Series:Europäische Hochschulschriften. Kunstgeschichte ; Bd. 318.
Subjects:
Tags: Add Tag
No Tags, Be the first to tag this record!
LEADER 01431aam a2200301 a 4500
001 007748122-4
005 20020606104010.5
008 980812s1998 gw a b 000 0 ger
010 |a  98183109 //r98 
020 |a 363132863X 
035 0 |a ocm39778984 
040 |a DLC  |c DLC  |d DLC  |d MH-FA 
043 |a e-gx--- 
050 0 0 |a NB586.N48  |b E78 1998 
100 2 |a Erschens-Schmitt, Elke,  |d 1966- 
245 1 0 |a Altarbauer aus Neuerburg/Eifel und ihre Werke im Zusammenhang des Barock im Bereich Eifel und Ardennen /  |c Elke Erschens-Schmitt. 
260 |a Frankfurt am Main ;  |a New York :  |b P. Lang,  |c c1998. 
300 |a 212 p. :  |b 73 ill. ;  |c 21 cm. 
490 1 |a Europäische Hochschulschriften. Reihe XXVIII, Kunstgeschichte,  |x 0721-3557 ;  |v Bd. 318 =  |a Publications universitaires européennes. Série XXVIII, Histoire de l'art ;  |v vol. 318 =  |a European university studies. Series XXVIII, History of art ;  |v vol. 318 
500 |a Originally presented as the author's thesis (doctoral)--Universität Trier, 1995. 
504 |a Includes bibliographical references (p. 161-168). 
650 0 |a Altarpieces, German  |z Germany  |z Neuerburg/Eifel. 
650 0 |a Altarpieces, Baroque  |z Germany  |z Neuerburg/Eifel. 
650 0 |a Altarpieces, Rococo  |z Germany  |z Neuerburg/Eifel. 
650 0 |a Sculpture  |z Germany  |z Neuerburg/Eifel. 
830 0 |a Europäische Hochschulschriften.  |n Reihe XXVIII,  |p Kunstgeschichte ;  |v Bd. 318. 
988 |a 20020608 
906 |0 DLC